CONSUMER PSYCHOLOGY: THEORIES & APPLICATIONS (Record no. 7368)

MARC details
000 -LEADER
fixed length control field 00297nam a2200121Ia 4500
008 - FIXED-LENGTH DATA ELEMENTS--GENERAL INFORMATION
fixed length control field 250327s9999 xx 000 0 und d
020 ## - INTERNATIONAL STANDARD BOOK NUMBER
International Standard Book Number 9781473906983
082 ## - DEWEY DECIMAL CLASSIFICATION NUMBER
Item number HUA
Classification number CQR
100 ## - MAIN ENTRY--PERSONAL NAME
Personal name HAZEL HUANG
9 (RLIN) 34568
245 #0 - TITLE STATEMENT
Title CONSUMER PSYCHOLOGY: THEORIES & APPLICATIONS
260 ## - PUBLICATION, DISTRIBUTION, ETC.
Name of publisher, distributor, etc. SAGE
942 ## - ADDED ENTRY ELEMENTS (KOHA)
Koha item type Book
Holdings
Date last seen Total Checkouts Full call number Barcode Date last checked out Cost, replacement price Price effective from Koha item type Lost status Damaged status Not for loan Withdrawn status Home library Current library Shelving location Date acquired Cost, normal purchase price
02/09/2026 1 658.8342 HUA 003087 01/27/2026 4041.68 03/27/2025 Book         Indian Institute of Management Visakhapatnam Indian Institute of Management Visakhapatnam General 03/27/2025 4041.68

Copyright © 2024 Indian Institute of Management Visakhapatnam
Koha v23.05